000
00294nam a2200145Ia 4500
100
_a
Lasrado & D Souza
650
_a
Chemistry
942
_c
BK
654
_a
Chemistry
245
_a
Chemistry II
260
_b
United Publishers
_c
2001
082
_a
540
300
_a
356
546
_a
ENGLISH
999
_c
20673
_d
20673